5HLuxD.jpg

KING HENRY VIII SENIOR AND PRIMARY SCHOOL LIBRARY OPAC

Colder than here / (Record no. 2955)

000 -LEADER
fixed length control field 00770pam a2200277 a 4500
001 - CONTROL NUMBER
control field 015981995
003 - CONTROL NUMBER IDENTIFIER
control field UkOxU
005 - DATE AND TIME OF LATEST TRANSACTION
control field 20230913113556.0
008 - FIXED-LENGTH DATA ELEMENTS--GENERAL INFORMATION
fixed length control field 040701s2004 enk 000 d eng
015 ## - NATIONAL BIBLIOGRAPHY NUMBER
National bibliography number GBA449111
Source bnb
020 ## - INTERNATIONAL STANDARD BOOK NUMBER
International Standard Book Number 9781840024715
035 ## - SYSTEM CONTROL NUMBER
System control number (UkOxU)UkOxUw12774245
035 ## - SYSTEM CONTROL NUMBER
System control number (Uk)012946492
040 ## - CATALOGING SOURCE
Original cataloging agency StDuBDS
Language of cataloging eng
Transcribing agency StDuBDS
Modifying agency Uk
-- KH8
042 ## - AUTHENTICATION CODE
Authentication code ukblsr
082 04 - DEWEY DECIMAL CLASSIFICATION NUMBER
Classification number 822.92 WAD
Edition number 22
100 1# - MAIN ENTRY--PERSONAL NAME
Personal name Wade, Laura,
Relator term author.
245 10 - TITLE STATEMENT
Title Colder than here /
Statement of responsibility, etc. Laura Wade.
260 ## - PUBLICATION, DISTRIBUTION, ETC.
Place of publication, distribution, etc. London :
Name of publisher, distributor, etc. Oberon,
Date of publication, distribution, etc. 2004.
300 ## - PHYSICAL DESCRIPTION
Extent 103 p. ;
Dimensions 21 cm.
500 ## - GENERAL NOTE
General note One man, 3 women.
500 ## - GENERAL NOTE
General note "Soho Theatre Company presents" - t.p. verso.
650 #0 - SUBJECT ADDED ENTRY--TOPICAL TERM
Topical term or geographic name entry element Death
Form subdivision Drama.
710 2# - ADDED ENTRY--CORPORATE NAME
Corporate name or jurisdiction name as entry element Soho Theatre Company (London, England)
942 ## - ADDED ENTRY ELEMENTS (KOHA)
Source of classification or shelving scheme
Koha item type Teaching Resources
Holdings
Withdrawn status Lost status Source of classification or shelving scheme Damaged status Not for loan Collection code Permanent Location Current Location Shelving location Date acquired Total Checkouts Full call number Barcode Date due Date last seen Date last checked out Price effective from Koha item type
          Teaching Resources KH8 Senior School Library KH8 Senior School Library Staff Office 2023-09-13 1 822.92 WAD TRKHSL003097 2026-07-03 2025-08-28 2025-08-28 2023-09-13 Teaching Resources
          Teaching Resources KH8 Senior School Library KH8 Senior School Library Staff Office 2023-09-13   822.92 WAD TRKHSL003098   2023-09-13   2023-09-13 Teaching Resources
          Teaching Resources KH8 Senior School Library KH8 Senior School Library Staff Office 2023-09-13   822.92 WAD TRKHSL003099   2023-09-13   2023-09-13 Teaching Resources
          Teaching Resources KH8 Senior School Library KH8 Senior School Library Staff Office 2023-09-13   822.92 WAD TRKHSL003100   2023-09-13   2023-09-13 Teaching Resources
          Teaching Resources KH8 Senior School Library KH8 Senior School Library Staff Office 2023-09-13   822.92 WAD TRKHSL003101   2023-09-13   2023-09-13 Teaching Resources
          Teaching Resources KH8 Senior School Library KH8 Senior School Library Staff Office 2023-09-13   822.92 WAD TRKHSL003102   2023-09-13   2023-09-13 Teaching Resources

Powered By KH8 IT Dept